000 00430nam a2200169Ia 4500
003 GCL
008 140319s9999 xx 000 0 eng d
040 _aGCL /
_cGCL
082 0 4 _aCH
_b813.087
_bP F
100 1 _aPETER HODDOCK
245 1 0 _aSNOW WHITE AND THE SEVEN DWARFS /
_cPETER HODDOCK
260 _a[S.N] :
_bPETER HODDOCK PUBLISHING
650 0 4 _aLITERATURE
650 0 4 _aCHILDREN
650 0 4 _aTALES
942 _2ddc
_cBK
999 _c18433
_d18433